LEADER 01521nam a2200313 i 4500 001 000000219865 003 CaOOAMICUS 005 20130415000000.0 008 130415s2010 it u000 u ita u 013 $a198762 020 $a978-88-307-1965-1 040 $aSeMil$bita 100 1 $aCapretti, Francesco.$0(OLS)http://semarc/name/77135 245 13$aLa chiesa italiana e gli ebrei :$bla recezione di Nostra Aetate 4 dal Vaticano 2. a oggi /$cFrancesco Capretti ; prefazione di Paolo De Benedetti ; postfazione di Piero Stefani. 260 $aBologna :$bEditrice Missionaria Italiana,$c2010. 300 $a282 p. ;$c23 cm. 490 0 $aReligioni in dialogo 500 $aFondo Card. C.M. Martini. 650 4$aConcilio Vaticano II <1962-1965> - Dichiarazioni . Nostra Aetate.$0(OLS)http://semarc/subject/8884 700 1 $aStefani, Piero,$d<1949- >.$0(OLS)http://semarc/name/3241 700 1 $aDe Benedetti, Paolo ,$d<1927-2016>.$0(OLS)http://semarc/name/2612 830 0$aReligioni in dialogo.$0(OLS)http://semarc/title/12220 850 $aSeMil 852 $aSeMil$W1$xVenegono$y1$m2R V 207$j170226$B170226$CSeMilBibl$Z2$F182442 $81 941 1 $a4 961 $aLascito: Martini Card. Carlo Maria 996 $6020$a978-88-307-1965-1$9(OLS)http://semarc/number/218161 996 $6245$aLa chiesa italiana e gli ebrei :$bla recezione di Nostra Aetate 4 dal Vaticano 2. a oggi$9(OLS)http://semarc/title/315400 996 $6260$aBologna :$bEditrice Missionaria Italiana$9(OLS)http://semarc/publisher/32722 LEADER 01567nam a2200313 i 4500 001 000000224241 003 CaOOAMICUS 005 20131028000000.0 008 131028s2007 it u000 u ita u 013 $a203139 020 $a978-88-6104-009-0 020 $a978-88-6104-009-X 040 $aSeMil$bita 245 10$aIuventuti docendae ac educandae :$bper gli ottant'anni della Facoltą teologica della Sardegna /$ca cura di Tonino Cabizzosu e L. Armando. 260 $aCagliari :$bAģsara,$c2007. 300 $aXIV, 486 p. ;$c25 cm. 490 0 $aStudi e ricerche di cultura religiosa. Nuova serie ;$v5 650 4$aTeologia - Saggi.$0(OLS)http://semarc/subject/231 650 4$aCagliari - Pontificia Facoltą Teologica della Sardegna.$0(OLS)http://semarc/subject/40974 700 1 $aArmando, Luciano.$0(OLS)http://semarc/name/61012 700 1 $aCabizzosu, Tonino.$0(OLS)http://semarc/name/4467 830 0$aStudi e ricerche di cultura religiosa. Nuova Serie / Pontificia Facoltą Teologica della Sardegna ;$v5.$0(OLS)http://semarc/title/22536 850 $aSeMil 852 $aSeMil$W1$xVenegono$y1$m2B VI 48$j258254$B174587$CSeMilBibl$Z2$F186004 $81 961 $aOmaggio: Viotto Piero 996 $6020$a978-88-6104-009-0$9(OLS)http://semarc/number/224701 996 $6020$a978-88-6104-009-X$9(OLS)http://semarc/number/224702 996 $6245$aIuventuti docendae ac educandae :$bper gli ottant'anni della Facoltą teologica della Sardegna$9(OLS)http://semarc/title/321342 996 $6260$aCagliari :$bAģsara$9(OLS)http://semarc/publisher/37949